000 00502cam a22002051 4500
001 10160184
005 20180224025114.0
008 770629s1932 xx 000 0 eng
010 _a 32032252
035 _a(OCoLC)3083009
040 _aDLC
_cOC
_dDLC
041 _aeng
080 _a339.2
082 _a339.2 FAI
100 1 _a53
101 _aMNG
245 1 0 _aProfits or prosperity?
_cBy Henry Pratt Fairchild.
906 _a7
_bcbc
_coclcrpl
_du
_encip
_f19
_gy-gencatlg
942 _2ddc
_cBK
999 _c43341
_d43341